Catálogo
 En Linea

Los germanos y las grandes invasiones / (Registro nro. 24370)

Detalles MARC
000 -CABECERA
campo de control de longitud fija 00834nam a2200217 a 4500
001 - NÚMERO DE CONTROL
campo de control 000024877
005 - FECHA Y HORA DE LA ÚLTIMA TRANSACCIÓN
campo de control 20250429110432.0
008 - DATOS DE LONGITUD FIJA--INFORMACIÓN GENERAL
campo de control de longitud fija 110207s1968 sp ab r 000 0 spa d
040 ## - FUENTE DE LA CATALOGACIÓN
Centro catalogador/agencia de origen DO-SdBNP
Lengua de catalogación spa
Centro/agencia transcriptor BNPHU
082 ## - NÚMERO DE LA CLASIFICACIÓN DECIMAL DEWEY
Número de clasificación 943
Número de documento/Ítem M684p
049 ## - FONDOS LOCALES (OCLC)
Fondos de biblioteca BNGR
100 1# - ENTRADA PRINCIPAL--NOMBRE DE PERSONA
Nombre de persona Mitre Fernández, Emilio,
Fechas asociadas al nombre 1941-
9 (RLIN) 51057
245 10 - MENCIÓN DE TÍTULO
Título Los germanos y las grandes invasiones /
Mención de responsabilidad, etc. Emilio Mitre Fernández.
260 ## - PUBLICACIÓN, DISTRIBUCIÓN, ETC.
Lugar de publicación, distribución, etc. Bilbao, (España) :
Nombre del editor, distribuidor, etc. Ediciones Moreton,
Fecha de publicación, distribución, etc. 1968.
300 ## - DESCRIPCIÓN FÍSICA
Extensión 155 p. :
Otras características físicas il. , mapas ;
Dimensiones 17 cm.
490 1# - MENCIÓN DE SERIE
Mención de serie Panoramas de la historia universal
-- Biblioteca de divulgación cultural
Designación de volumen o secuencia 15
504 ## - NOTA DE BIBLIOGRAFÍA, ETC.
Nota de bibliografía, etc. Incluye referencias bibliográficas (p. [153]-155)
651 #4 - PUNTO DE ACCESO ADICIONAL DE MATERIA--NOMBRE GEOGRÁFICO
Nombre geográfico Alemania
Subdivisión general Historia
9 (RLIN) 7514
650 #0 - PUNTO DE ACCESO ADICIONAL DE MATERIA--TÉRMINO DE MATERIA
Término de materia o nombre geográfico como elemento de entrada Historia universal
9 (RLIN) 933
830 #0 - PUNTO DE ACCESO ADICIONAL DE SERIE-TÍTULO UNIFORME
Título uniforme Panoramas de la historia universal ;
Nombre de parte o sección de la obra Biblioteca de divulgación cultural
Designación de volumen o secuencia 15
9 (RLIN) 51058
Existencias
Estado de retiro Estado de pérdida Restricciones de uso No para préstamo Código de colección Localización permanente Ubicación/localización actual Ubicación en estantería Fecha de adquisición Número de inventario Total de préstamos Signatura topográfica completa Código de barras Fecha visto por última vez Precio válido a partir de Tipo de ítem Koha
        Monografías: Libros y Folletos General General En catalogación 07.02.2011 LF1   943 M684p 24877-10 25.06.2020 25.06.2020 Préstamo en sala

Con tecnología Koha